| 000 | 00720nam a22002417a 4500 | ||
|---|---|---|---|
| 008 | 131109b xxu||||| |||| 00| 0 eng d | ||
| 020 | _a81-7023-212-0 | ||
| 024 | _cAvailable | ||
| 037 | _cAvailable | ||
| 040 |
_aMBSTU LIBRARY _dMBSTU LIBRARY |
||
| 082 |
_222 _a557.46 OCE |
||
| 110 | _aBirla Economics Research Foundation. | ||
| 245 | _aThe Oceans. | ||
| 260 |
_aNew Delhi _bAllied Publishers Ltd. _c1992 |
||
| 300 |
_a24 cm. _b360 jpage _f1 _g24 cm. |
||
| 600 | _2Ocean. | ||
| 650 | _2Ocean. | ||
| 710 | _aBirla Economics Research Foundation. | ||
| 270 |
_aNew Delhi _bNew Delhi _dIndia |
||
| 365 |
_b330.00 _d330.00 |
||
| 942 |
_2ddc _cBK |
||
| 999 |
_c790 _d790 |
||